000 00897cab a2200229 4500
001 WB3519-22
008 090401t1999 xxu||||| |||| 00| 0 eng d
035 _a(Sirsi) u93512
041 _aeng
245 _aLand survey `nails myth`
260 _c1999
350 _a0
490 _aDaily Telegraph
_v21 May 1999, 13(1)
520 _aThe National Land Use Database has revealed that there are enough brownfield sites in England to build over 710,000 house, however the available land is concentrated in large provincial conurbations rather than the south east, which faces the greatest pressure for new homes. Includes a county-by-county list of household projections.
650 _aBROWNFIELD SITES
650 _aHOUSEHOLD PROJECTIONS
650 _aNATIONAL LAND USE DATABASE
650 _aNEW HOUSING
690 _aPROPERTY-PROPERTY DEVELOPMENT
942 _n0
948 _c21/05/1999
999 _c59258
_d59258